BIBLIOTECA PODER JUDICIAL
Portal Judicial TDF

Decreto 342/2025 : (Registro nro. 6032)

000 -LEADER
fixed length control field 01078nab a22002417a 4500
003 - CONTROL NUMBER IDENTIFIER
control field OSt
005 - DATE AND TIME OF LATEST TRANSACTION
control field 20260116204355.0
008 - FIXED-LENGTH DATA ELEMENTS--GENERAL INFORMATION
fixed length control field 190605e xxu||||| |||| 00| 0 spa d
040 ## - CATALOGING SOURCE
Transcribing agency PJ
100 ## - MAIN ENTRY--PERSONAL NAME
Personal name Elmelaj, María Laura
9 (RLIN) 4886
245 10 - TITLE STATEMENT
Title Decreto 342/2025 :
Remainder of title ¿autonomía sindical o "motosierra"? /
Statement of responsibility, etc María Laura Elmelaj.
260 ## - PUBLICATION, DISTRIBUTION, ETC. (IMPRINT)
Place of publication, distribution, etc Ciudad Autónoma de Buenos Aires :
Name of publisher, distributor, etc Thomson Reuters La Ley,
Date of publication, distribution, etc 2025.
300 ## - PHYSICAL DESCRIPTION
Extent p. 40-48
500 ## - GENERAL NOTE
General note Cita Online: Cita: TR LALEY AR/DOC/1793/2025.
505 ## - FORMATTED CONTENTS NOTE
Formatted contents note Sumario: I. Introducción.— II. Los dispositivos antes de la reforma.— III. La reforma.— IV. Reflexiones.— V. Bibliografía.
505 ## - FORMATTED CONTENTS NOTE
Title ¿Te interesa el texto completo? Solicitalo al correo: koha@justierradelfuego.gov.ar
650 #0 - SUBJECT ADDED ENTRY--TOPICAL TERM
9 (RLIN) 4583
Topical term or geographic name as entry element DERECHOS SINDICALES
650 #0 - SUBJECT ADDED ENTRY--TOPICAL TERM
9 (RLIN) 1367
Topical term or geographic name as entry element ASOCIACIONES SINDICALES
650 #0 - SUBJECT ADDED ENTRY--TOPICAL TERM
9 (RLIN) 1461
Topical term or geographic name as entry element LIBERTAD SINDICAL
650 #0 - SUBJECT ADDED ENTRY--TOPICAL TERM
9 (RLIN) 1285
Topical term or geographic name as entry element ELECCIONES
773 0# - HOST ITEM ENTRY
Host Biblionumber 2711
Host Itemnumber 3168
Place, publisher, and date of publication Ciudad Autónoma de Buenos Aires : Thomson Reuters La Ley, 1999-2002.
Title Revista de derecho del trabajo. Nº 5 - Septiembre 2025
942 ## - ADDED ENTRY ELEMENTS (KOHA)
Source of classification or shelving scheme
Koha item type Analítica Artículo de Revista

No hay ítems disponibles.

12 de Octubre 789 Ushuaia - Tel:  54(02901)441571
Horario de Atención: 8.00 a 17.00 hs. 
bibliotecaush@justierradelfuego.gov.ar
koha@justierradelfuego.gov.ar
Seguinos en nuestras redes @bibliojustdf 

Con tecnología Koha